1298 1159 1049 1104 1453 1828 1132 1888 1573 1628 1829 1159 1085 1262 1771 1026 1383 1273 1283 1154 1700 1082 1464 1722 1714 1875 1867 1260 1257 1406 1099 1097 1618 1916 1748 1638 1053 1279 1691 1553 1350 1948 1461 1169 1730 1746 1008 1312 1213 1528 1298 1409 1887 1869 1689 1982 1850 1256 1137 1029 1000 1697 1619 1635 1237 1793 1328 1887 1890 1792 1176 1618 1703 1336 1299 1707 1141 1307 1413 1591 1104 1184 1586 1648 1826 1053 1213 1027 1545 1756 1731 1143 1867 1631 1392 1930 1606 1930 1185 BCNSPRNW ULIB Ver.6.0+V

เปลี่ยนเป็นภาษาไทย

Change to English
 แสดงรายละเอียดบรรณานุกรม
  กลับหน้าหลัก

Brief Record : Get Marc (ISO 2709) : E-mail record : QR code < ปิดหน้าต่าง
LEADER : 00000nas 2200000uu 4500
001    13399127612
003     ULIB
008    210308s||||||||th 000 0 tha d
022 0  ^a24081280
245 00 ^aวารสารการปฏิบัติการพยาบาลและการผดุงครรภ์ไทย = Thai Journal of Nursing and Midwifery Practice/^cสมาคมผู้ปฏิบัติการพยาบาลขั้นสูง(ประเทศไทย)
310    ^aราย 6 เดือน
850 ^a ULIB^bปีที่ 7 ฉบับที่ 2 ฉ.1 ;ปีที่ 8 ฉบับที่ 1 ฉ.1 ;ปีที่ 8 ฉบับที่ 2 ฉ.1 ;ปีที่ 9 ฉบับที่ 1 ฉ.1 ;ปีที่ 9 ฉบับที่ 2 ฉ.1
945    ^p0^l0^i905671
945    ^p0^l0^i905785
945    ^p0^l0^i905931
945    ^p0^l0^i906301
945    ^p0^l0^i906302
999    ^aประนอม เกษจรัล
รายการนี้ยังไม่มีแท็ก
คุณยังไม่ได้ล็อกอิน คุณสามารถมีกิจกรรมร่วมกับเว็บไซต์ได้ แต่ต้องล็อกอินก่อน ::
  ล็อกอิน

รายการสื่อสารสนเทศ (วารสาร)

ดูแบบ: กล่อง รายการ
ARRIVED
ปีที่ 7 ฉบับที่ 2 ฉ.1
สถานที่: ห้องสมุดวิทยาเขตสวรรค์ประชารักษ์ >วารสาร
ARRIVED
ปีที่ 8 ฉบับที่ 1 ฉ.1
สถานที่: ห้องสมุดวิทยาเขตสวรรค์ประชารักษ์ >วารสาร
ARRIVED
ปีที่ 8 ฉบับที่ 2 ฉ.1
สถานที่: ห้องสมุดวิทยาเขตสวรรค์ประชารักษ์ >วารสาร
ARRIVED
ปีที่ 9 ฉบับที่ 1 ฉ.1
สถานที่: ห้องสมุดวิทยาเขตสวรรค์ประชารักษ์ >วารสาร
ARRIVED
ปีที่ 9 ฉบับที่ 2 ฉ.1
สถานที่: ห้องสมุดวิทยาเขตสวรรค์ประชารักษ์ >วารสาร

BibComment


ยังไม่เคยถูกคอมเมนท์

คอมเมนท์ทรัพยากรรายการนี้
  คอมเมนท์: วารสารการปฏิบัติ..


 Copyright 2026. Bcnsprnw @Library